000 00265nam a2200097Ia 4500
001 685715
005 20250826161522.0
008 250824s9999 xx 000 0 und d
245 0 _aKur’an Kıssalarına Giriş/
_cProf. Dr. M. Said Şimşek
260 _bKİTAP DÜNYASI
999 _c685715
_d685715